STN EN 1093-6+A1: 2009 (83 3401), Bezpečnosť strojov. Vyhodnotenie emisií nebezpečných látok obsiahnutých vo vzduchu Časť 6 Hmotnostná účinnosť odlučovania pri voľnom výstupe (Konsolidovaný text)

Bibliographic Details
Other Authors: Makara, Marian (Translator)
Format: Book
Language:Slovak
English
PhysicalDescription:12 s. obr. 30 cm
Published: Bratislava Slovenský ústav technickej normalizácie 2009
Subjects:

MARC

LEADER 00000nam a2200000 a 4500
001 vtls009475291
003 SK-MaSNL
005 20260301082041.0
008 130117s2009 xo l f u 000 0 slo
015 |a SNBN2009/03-00924 
020 |c (cen. skup. 10) 
040 |a SNK  |b slo  |c SNK  |e AACR2 
041 1 |a slo  |h eng 
044 |a xo  |c SK 
046 |a s  |m 200901 (účin.) 
072 7 |a 621  |x Strojárstvo  |2 konspekt 
084 |a 13.040.40  |2 ICS 
130 0 |a STN 83 3401 (STN EN 1093-6 + A1)  |9 406326 
245 1 0 |a STN EN 1093-6+A1: 2009 (83 3401), Bezpečnosť strojov. Vyhodnotenie emisií nebezpečných látok obsiahnutých vo vzduchu  |n Časť 6  |p Hmotnostná účinnosť odlučovania pri voľnom výstupe (Konsolidovaný text) 
246 1 0 |a Bezpečnosť strojov 
246 1 0 |a Vyhodnotenie emisií nebezpečných látok obsiahnutých vo vzduchu 
246 1 0 |a Hmotnostná účinnosť odlučovania pri voľnom výstupe 
260 |a Bratislava  |b Slovenský ústav technickej normalizácie  |c 2009 
300 |a 12 s.  |b obr.  |c 30 cm 
500 |a Táto norma nahrádza STN EN 1093-6 z decembra 2000 v celom rozsahu. STN EN 1093-6 z decembra 2000 sa môže súbežne s touto normou používať do 28.12.2009 
500 |a Spracovateľ: Marian Makara. Technická komisia: TK 29 Bezpečnosť strojov a ergonómia 
540 |a Normy sa podľa zákona č. 264/1999 Z. z. nesmú kopírovať 
650 0 7 |a technické normy a štandardy  |z Slovensko  |2 SNKPH  |9 79594 
650 0 7 |a technické normy a štandardy  |z krajiny Európskej únie  |2 SNKPH  |9 289341 
650 0 7 |a bezpečnosť strojov  |2 SNKPH  |9 318861 
650 0 7 |a emisie znečisťujúcich látok  |2 SNKPH  |9 73133 
655 7 |a normy  |2 SNKPH  |9 70643 
700 1 |a Makara, Marian  |4 trl  |9 318862 
710 2 |a Slovenský ústav technickej normalizácie (Bratislava, Slovensko).  |b Technická komisia č. 29 Bezpečnosť strojov a ergonómia  |4 stn  |9 318863 
958 |a OP 
999 |c 657549  |d 659479 
952 |a SNK  |b SNK  |y PREZ  |7 0  |p 17A0612509  |o snkSTN EN 1093-6+A1  |i snk2009/3186  |8 0  |0 0  |1 0  |4 0  |d 2009-02-20  |l 0  |r 2026-02-23 18:42:48  |w 2026-02-23 
952 |a SNK  |b SNK  |y PREZ  |7 0  |p 17A0612508  |o snkSTN EN 1093-6+A1 D1  |i snk2009/3187  |8 0  |0 0  |1 0  |4 0  |d 2009-02-20  |l 0  |r 2026-02-23 18:42:48  |w 2026-02-23